LEADER 00611nab a2200145 i 4500 001 000000305371 003 CaOOAMICUS 005 20180831172836.0 008 180831n it uu u0 0ita r 013 $a13534 040 $aSeMil$bita 100 1 $aBiondi, Ciro .$0(OLS)http://semarc/name/87355 245 13$aLa missione è un fatto di cuore [Editoriale]. - In :$bServizio PUM, Pontificia Unione Missionaria. 773 0 $tHong Kong, scommessa democrazia.$gp.I-VII$w()266755 996 $6245$aLa missione è un fatto di cuore [Editoriale]. - In :$bServizio PUM, Pontificia Unione Missionaria.$9(OLS)http://semarc/title/381014 LEADER 00796nam a2200193 i 4500 001 000000104872 003 CaOOAMICUS 005 20020216000000.0 008 020216s1902 fr u000 u fre u 013 $a77061 040 $aSeMil$bita 245 10$aTome quatrième :$bvie glorieuse de Jèsus. 300 $a516 p. 700 1 $aNoüet, Jacques,$c.$0(OLS)http://semarc/name/2862 773 0 $tSes méditations et entretiens pour tous les jours de l'année.$gPartie3$w()6856 773 0 $aNoüet, Jacques $tOeuvres du p. Nouet.$dParis ; Lyon : Jacques Lecoffre$g6$w()6858 850 $aSeMil 852 $aSeMil$W1$xVenegono$y1$m660 52 6 *$j61171$B61171$CSeMilBibl$Z2$F70909 $81 996 $6245$aTome quatrième :$bvie glorieuse de Jèsus$9(OLS)http://semarc/title/151929